| 000 | 00934nam a2200277Ia 4500 | ||
|---|---|---|---|
| 003 | OSt | ||
| 005 | 20221005091540.0 | ||
| 006 | a|||||r|||| 00| 0 | ||
| 007 | ta | ||
| 008 | 221004b |||||||| |||| 00| 0 eng d | ||
| 020 |
_a9781137390295 (pbk) _cUKP 25.99 |
||
| 024 | _a34351 | ||
| 037 |
_b1061340, 13/09/2017, Atlantic Publisher & Dist. Pvt Ltd. _cTextual |
||
| 040 |
_aCRL _cCRL _beng |
||
| 041 |
_2eng _aeng |
||
| 082 | _aS:86, Q6 | ||
| 100 |
_aBondi Liz Ed. _931934 |
||
| 245 | 0 |
_aPractitioner research in counselling and psychotherapy _b the power of examples |
|
| 260 |
_aNew York _bPalgrave Macmillan USA _c2016 |
||
| 300 |
_axiii,230p. _ccm. |
||
| 650 | _a PSYCHOTHERAPY | ||
| 650 |
_aCOUNSELING _933625 |
||
| 700 |
_a Fewell Judith Ed. _9616329 |
||
| 942 |
_hS:86, Q6 _cTEXL _2cc |
||
| 999 |
_c997427 _d997427 |
||